000 00545nam a2200229Ia 4500
003 OSt
005 20220924141750.0
006 a|||||r|||| 00| 0
007 ta
008 220923b |||||||| |||| 00| 0 ben d
024 _a299258
037 _cTextual
040 _aARTS
_cARTS
_bben
041 _2ben
_aben
082 _aP157:g, 157L6
100 _aRoy
_9120881
245 0 _aBhasher mulyan
260 _c1976
650 _aBENGALI LITERATURE
942 _hP157:g, 157L6
_cTEXL
_2CC
999 _c448200
_d448200